[Event "POR-ch 2020"]
[Site "Portimao"]
[Date "2020.09.07"]
[Round "1.1"]
[White "Fernandes, Antonio"]
[Black "Rocha, Sergio"]
[Result "1/2-1/2"]
[WhiteElo "2359"]
[BlackElo "2341"]
[Annotator "ChessBase"]
[PlyCount "33"]
[EventDate "2020.09.07"]
[EventType "tourn"]
[EventCountry "POR"]
[SourceTitle "playchess.com"]
[Source "ChessBase"]
[SourceQuality "1"]
[TimeControl "5400+30"]

1. e4 {[%emt 0:00:00]} c6 {[%emt 0:00:00]} 2. Nc3 {[%emt 0:04:45]} d5 {[%emt 0:00:34]} 3. Nf3 {[%emt 0:00:09]} Bg4 {[%emt 0:00:17]} 4. h3 {[%emt 0:00:10]} Bxf3 {[%emt 0:00:07]} 5. Qxf3 {[%emt 0:00:02]} e6 {[%emt 0:00:16]} 6. d4 {[%emt 0:11:39]} Qb6 {[%emt 0:05:23]} 7. Bd3 {[%emt 0:12:26]} Nf6 {[%emt 0:01:21]} 8. O-O {[%emt 0:00:49]} Nbd7 {[%emt 0:05:24]} 9. e5 {[%emt 0:12:34]} Ng8 {[%emt 0:00:16]} 10. Ne2 {[%emt 0:00:12]} Ne7 {[%emt 0:01:21]} 11. Be3 {[%emt 0:21:01]} Ng6 {[%emt 0:03:41]} 12. Rfd1 {[%emt 0:15:58]} Be7 {[%emt 0:01:17]} 13. g3 {[%emt 0:00:07]} c5 {[%emt 0:07:28]} 14. c4 {[%emt 0:10:30]} dxc4 {[%emt 0:11:29]} 15. Bxc4 {[%emt 0:00:03]} O-O {[%emt 0:02:55]} 16. Qe4 {[%emt 0:05:37]} cxd4 {[%emt 0:07:14]} 17. Bxd4 {[%emt 0:00:04]} 1/2-1/2

[Event "POR-ch 2020"]
[Site "Portimao"]
[Date "2020.09.07"]
[Round "1.2"]
[White "Santos, Antonio P"]
[Black "Reis, Luis Sousa"]
[Result "0-1"]
[WhiteElo "2160"]
[BlackElo "2154"]
[Annotator "ChessBase"]
[PlyCount "70"]
[EventDate "2020.09.07"]
[EventType "tourn"]
[EventCountry "POR"]
[SourceTitle "playchess.com"]
[Source "ChessBase"]
[SourceQuality "1"]
[TimeControl "5400+30"]

1. d4 {[%emt 0:00:00]} Nf6 {[%emt 0:00:00]} 2. c4 {[%emt 0:00:00]} e6 {[%emt 0:00:17]} 3. Nf3 {[%emt 0:00:06]} c5 {[%emt 0:00:35]} 4. d5 {[%emt 0:00:10]} b5 {[%emt 0:00:38]} 5. Bg5 {[%emt 0:00:12]} exd5 {[%emt 0:01:21]} 6. cxd5 {[%emt 0:00:12]} h6 {[%emt 0:02:25]} 7. Bxf6 {[%emt 0:09:52]} Qxf6 {[%emt 0:00:22]} 8. Qc2 {[%emt 0:00:13]} Be7 {[%emt 0:07:03]} 9. e4 {[%emt 0:00:24]} Qb6 {[%emt 0:01:00]} 10. a4 {[%emt 0:07:11]} b4 {[%emt 0:04:46]} 11. Nbd2 {[%emt 0:00:17]} O-O {[%emt 0:01:59]} 12. Nc4 {[%emt 0:21:05]} Qc7 {[%emt 0:01:35]} 13. Bd3 {[%emt 0:13:03]} d6 {[%emt 0:05:37]} 14. O-O {[%emt 0:05:16]} Nd7 {[%emt 0:07:12]} 15. Rad1 {[%emt 0:07:52]} Ba6 {[%emt 0:04:37]} 16. Ne3 {[%emt 0:02:44]} Bxd3 {[%emt 0:01:13]} 17. Qxd3 {[%emt 0:00:08]} Bf6 {[%emt 0:01:54]} 18. Nc4 {[%emt 0:07:22]} Rfe8 {[%emt 0:01:39]} 19. Rfe1 {[%emt 0:03:59]} Nb6 {[%emt 0:07:54]} 20. Nxb6 {[%emt 0:06:02]} axb6 {[%emt 0:00:39]} 21. b3 {[%emt 0:00:02]} c4 {[%emt 0:06:13]} 22. bxc4 {[%emt 0:05:54]} Bc3 {[%emt 0:01:48]} 23. Re2 {[%emt 0:01:32]} Rxa4 {[%emt 0:06:41]} 24. Nh4 {[%emt 0:01:07]} Ra3 {[%emt 0:03:24]} 25. Nf5 {[%emt 0:03:02]} Be5 {[%emt 0:01:03]} 26. Qd2 {[%emt 0:00:10]} Qxc4 {[%emt 0:03:02]} 27. f4 {[%emt 0:00:12]} Bxf4 {[%emt 0:06:25]} 28. Qxf4 {[%emt 0:00:49]} Qxe2 {[%emt 0:00:24]} 29. Rf1 {[%emt 0:00:10]} Qxe4 {[%emt 0:10:49]} 30. Qxd6 {[%emt 0:00:18]} Qe5 {[%emt 0:01:47]} 31. Qxb4 {[%emt 0:00:18]} Ra1 {[%emt 0:00:27]} 32. Rxa1 {[%emt 0:02:17]} Qxa1+ {[%emt 0:00:13]} 33. Kf2 {[%emt 0:00:04]} Qf6 {[%emt 0:01:24]} 34. Qf4 {[%emt 0:00:21]} Qb2+ {[%emt 0:02:06]} 35. Kg3 {[%emt 0:01:59]} Qb3+ {[%emt 0:01:20]} 0-1

[Event "POR-ch 2020"]
[Site "Portimao"]
[Date "2020.09.07"]
[Round "1.3"]
[White "Fidalgo, Andre Neves"]
[Black "Dias, Paulo"]
[Result "0-1"]
[WhiteElo "2268"]
[BlackElo "2341"]
[Annotator "ChessBase"]
[PlyCount "152"]
[EventDate "2020.09.07"]
[EventType "tourn"]
[EventCountry "POR"]
[SourceTitle "playchess.com"]
[Source "ChessBase"]
[SourceQuality "1"]
[TimeControl "5400+30"]

1. d4 {[%emt 0:00:00]} Nf6 {[%emt 0:00:00]} 2. c4 {[%emt 0:00:00]} e6 {[%emt 0:00:00]} 3. g3 {[%emt 0:00:00]} d5 {[%emt 0:00:37]} 4. Nf3 {[%emt 0:00:09]} dxc4 {[%emt 0:00:07]} 5. Bg2 {[%emt 0:00:44]} c5 {[%emt 0:00:25]} 6. O-O {[%emt 0:02:06]} Nc6 {[%emt 0:00:06]} 7. Qa4 {[%emt 0:01:41]} Bd7 {[%emt 0:00:27]} 8. Qxc4 {[%emt 0:03:38]} b5 {[%emt 0:01:00]} 9. Qd3 {[%emt 0:02:59]} c4 {[%emt 0:01:23]} 10. Qd1 {[%emt 0:01:14]} Rc8 {[%emt 0:01:16]} 11. Bg5 {[%emt 0:04:58]} Be7 {[%emt 0:02:54]} 12. Nc3 {[%emt 0:01:52]} b4 {[%emt 0:08:39]} 13. Bxf6 {[%emt 0:03:54]} gxf6 {[%emt 0:02:47]} 14. Ne4 {[%emt 0:03:04]} O-O {[%emt 0:03:13]} 15. Rc1 {[%emt 0:07:54]} Na5 {[%emt 0:07:33]} 16. d5 {[%emt 0:22:53]} exd5 {[%emt 0:26:22]} 17. Qxd5 {[%emt 0:01:16]} f5 {[%emt 0:01:19]} 18. Neg5 {[%emt 0:08:49]} Be6 {[%emt 0:02:59]} 19. Qe5 {[%emt 0:12:22]} Bxg5 {[%emt 0:13:40]} 20. Nxg5 {[%emt 0:00:08]} Qxg5 {[%emt 0:00:16]} 21. Qxa5 {[%emt 0:00:07]} Qd2 {[%emt 0:00:48]} 22. Qe5 {[%emt 0:04:34]} Rfd8 {[%emt 0:03:04]} 23. Bb7 {[%emt 0:03:53]} Rb8 {[%emt 0:00:47]} 24. Ba6 {[%emt 0:02:25]} Qd4 {[%emt 0:04:40]} 25. Qxd4 {[%emt 0:00:34]} Rxd4 {[%emt 0:00:02]} 26. e3 {[%emt 0:00:11]} Rd2 {[%emt 0:02:54]} 27. Bxc4 {[%emt 0:00:08]} Bxc4 {[%emt 0:01:52]} 28. Rxc4 {[%emt 0:00:08]} Rxb2 {[%emt 0:00:09]} 29. Ra1 {[%emt 0:00:08]} Rd8 {[%emt 0:04:25]} 30. Rd4 {[%emt 0:07:37]} Rxd4 {[%emt 0:04:11]} 31. exd4 {[%emt 0:00:07]} Kf8 {[%emt 0:00:32]} 32. Kg2 {[%emt 0:00:42]} Ke7 {[%emt 0:00:57]} 33. Kf3 {[%emt 0:01:59]} Kd6 {[%emt 0:00:05]} 34. Ke3 {[%emt 0:01:08]} Kd5 {[%emt 0:01:01]} 35. h4 {[%emt 0:00:12]} a5 {[%emt 0:01:17]} 36. h5 {[%emt 0:01:51]} h6 {[%emt 0:01:35]} 37. f3 {[%emt 0:01:35]} a4 {[%emt 0:00:35]} 38. Kd3 {[%emt 0:00:17]} Rf2 {[%emt 0:00:39]} 39. Rb1 {[%emt 0:00:35]} Rxf3+ {[%emt 0:01:47]} 40. Ke2 {[%emt 0:00:06]} Rxg3 {[%emt 0:00:18]} 41. Rxb4 {[%emt 0:00:05]} Ra3 {[%emt 0:01:28]} 42. Rb6 {[%emt 0:00:09]} Kxd4 {[%emt 0:01:02]} 43. Rxh6 {[%emt 0:00:08]} Rxa2+ {[%emt 0:01:12]} 44. Kf3 {[%emt 0:00:28]} Ke5 {[%emt 0:00:48]} 45. Ra6 {[%emt 0:00:09]} Rh2 {[%emt 0:00:43]} 46. h6 {[%emt 0:01:38]} Rh3+ {[%emt 0:00:11]} 47. Kg2 {[%emt 0:00:11]} Rh5 {[%emt 0:00:16]} 48. Kg3 {[%emt 0:00:38]} a3 {[%emt 0:00:23]} 49. Rxa3 {[%emt 0:00:41]} Rxh6 {[%emt 0:00:11]} 50. Ra5+ {[%emt 0:00:38]} Kf6 {[%emt 0:00:02]} 51. Kf4 {[%emt 0:00:38]} Rh4+ {[%emt 0:00:06]} 52. Kf3 {[%emt 0:00:03]} Rc4 {[%emt 0:00:14]} 53. Rb5 {[%emt 0:00:37]} Kg5 {[%emt 0:00:48]} 54. Ra5 {[%emt 0:00:21]} Rc3+ {[%emt 0:00:19]} 55. Kf2 {[%emt 0:00:16]} Rb3 {[%emt 0:01:13]} 56. Ra7 {[%emt 0:00:31]} f6 {[%emt 0:00:09]} 57. Ra5 {[%emt 0:00:19]} Kg4 {[%emt 0:00:23]} 58. Ra6 {[%emt 0:00:08]} Rb2+ {[%emt 0:00:22]} 59. Kf1 {[%emt 0:00:36]} Kg5 {[%emt 0:01:25]} 60. Ra5 {[%emt 0:00:16]} Rb6 {[%emt 0:00:21]} 61. Kf2 {[%emt 0:00:17]} Kg4 {[%emt 0:00:16]} 62. Ra4+ {[%emt 0:01:25]} f4 {[%emt 0:00:06]} 63. Ra3 {[%emt 0:01:19]} f5 {[%emt 0:01:06]} 64. Rc3 {[%emt 0:00:24]} Rb2+ {[%emt 0:00:55]} 65. Kf1 {[%emt 0:00:06]} Rh2 {[%emt 0:00:30]} 66. Ra3 {[%emt 0:00:41]} Rh3 {[%emt 0:00:30]} 67. Ra8 {[%emt 0:00:16]} Rb3 {[%emt 0:00:22]} 68. Kf2 {[%emt 0:00:17]} Rb2+ {[%emt 0:00:03]} 69. Kf1 {[%emt 0:00:06]} Kg3 {[%emt 0:00:26]} 70. Rg8+ {[%emt 0:03:08]} Kf3 {[%emt 0:00:07]} 71. Kg1 {[%emt 0:00:08]} Rb1+ {[%emt 0:00:24]} 72. Kh2 {[%emt 0:00:09]} Kf2 {[%emt 0:00:37]} 73. Rg2+ {[%emt 0:00:55]} Ke3 {[%emt 0:00:12]} 74. Rg8 {[%emt 0:00:14]} f3 {[%emt 0:00:27]} 75. Re8+ {[%emt 0:00:05]} Kf4 {[%emt 0:00:39]} 76. Ra8 {[%emt 0:01:28]} f2 {[%emt 0:00:32]} 0-1

[Event "POR-ch 2020"]
[Site "Portimao"]
[Date "2020.09.07"]
[Round "1.4"]
[White "Martins, Bruno Andre Leite"]
[Black "Sousa, Andre Ventura"]
[Result "1-0"]
[WhiteElo "2248"]
[BlackElo "2378"]
[Annotator "TA"]
[PlyCount "93"]
[EventDate "2020.09.07"]
[EventType "tourn"]
[EventCountry "POR"]
[SourceTitle "playchess.com"]
[Source "ChessBase"]
[SourceQuality "1"]

{[%evp 9,92,-11,16,20,18,15,50,46,49,7,5,23,109,101,158,140,216,219,328,319,364,366,377,347,368,303,300,309,320,314,305,309,410,386,406,410,403,389,387,371,406,384,476,477,458,467,467,466,457,433,439,431,430,425,561,550,642,659,691,664,831,844,1060,1023,1269,1222,1456,1409,1351,1267,1420,1403,1711,1689,1671,1663,1523,1595,29987,29988,29988,29979,29994,29995,29999]} 1. d4 Nf6 2. Bf4 g6 3. Nc3 d5 4. e3 Bg7 5. h4 a6 6. Be2 {A45: Trompowsky Attack.} h6 7. Nf3 c5 8. Ne5 {White is slightly better.} Be6 9. Bf3 {[#]} cxd4 $146 ({Predecessor:} 9... Qa5 10. Qd2 Nc6 11. O-O-O O-O 12. Kb1 Qd8 13. dxc5 h5 14. Nxc6 bxc6 15. e4 Qc8 16. exd5 cxd5 {0-1 (41) Alexakis,G (2160)-Giannoulakis,L (2306) Kavala 2019}) 10. exd4 b5 (10... h5 $11) 11. Qe2 {White stays focused until the end.} Qc8 (11... Qb6 $142) 12. O-O-O $16 h5 {[#]} (12... Nc6 $16) 13. Rhe1 $1 $18 b4 (13... O-O $142 14. Nxg6 {[%mdl 64] Double Attack} Re8) 14. Na4 {Hoping for Nb6.} Ne4 15. Nb6 Qb7 16. Nxa8 ({Resist} 16. Bxe4 dxe4 17. Nxa8 Qxa8 $18) 16... Qxa8 17. Bxe4 dxe4 18. d5 Bxd5 19. Qd2 e6 20. Qxb4 Bxe5 21. Bxe5 Nc6 22. Qd6 Nxe5 23. Qxe5 O-O 24. b3 Rc8 25. Kb2 a5 26. c4 Bc6 27. Rd4 Qa7 28. Red1 {[#] Rd8+ would kill now.} Qe7 29. Qg5 Qxg5 30. hxg5 {[%mdl 4096] Endgame KRR-KRB} Kg7 31. a3 {[%cal Ba2a3,Ba3b4,Bb4b5][%mdl 32]} h4 32. b4 axb4 33. axb4 e5 34. R4d2 Bb7 {and the idea ...e3 leaves Black hopeful.} 35. Kb3 h3 36. gxh3 Rh8 37. b5 Rxh3+ 38. Kb4 e3 39. fxe3 Rxe3 40. c5 Re4+ 41. Ka5 Rc4 42. Kb6 Bf3 43. Re1 f6 44. Rd7+ {White mates.} Kf8 45. c6 Ke8 46. Ra1 {[%cal Ra1a8]} fxg5 47. Ra8# {Accuracy: White = 96%, Black = 44%.} 1-0

[Event "POR-ch 2020"]
[Site "Portimao"]
[Date "2020.09.07"]
[Round "1.5"]
[White "Diogo, Vasco"]
[Black "Veiga, Jose Francisco R P N"]
[Result "0-1"]
[WhiteElo "2207"]
[BlackElo "2344"]
[Annotator "ChessBase"]
[PlyCount "66"]
[EventDate "2020.09.07"]
[EventType "tourn"]
[EventCountry "POR"]
[SourceTitle "playchess.com"]
[Source "ChessBase"]
[SourceQuality "1"]
[TimeControl "5400+30"]

1. e4 {[%emt 0:00:00]} e5 {[%emt 0:00:00]} 2. Nf3 {[%emt 0:00:00]} Nc6 {[%emt 0:00:00]} 3. c3 {[%emt 0:01:11]} Nf6 {[%emt 0:10:50]} 4. d4 {[%emt 0:03:42]} exd4 {[%emt 0:10:19]} 5. e5 {[%emt 0:03:33]} Nd5 {[%emt 0:03:51]} 6. Bb5 {[%emt 0:03:21]} Be7 {[%emt 0:10:09]} 7. Nxd4 {[%emt 0:05:11]} Nxd4 {[%emt 0:06:41]} 8. Qxd4 {[%emt 0:01:36]} Nb6 {[%emt 0:07:20]} 9. Bf4 {[%emt 0:04:14]} O-O {[%emt 0:06:12]} 10. Nd2 {[%emt 0:07:08]} f6 {[%emt 0:11:18]} 11. Bc4+ {[%emt 0:10:07]} Kh8 {[%emt 0:02:51]} 12. Bd3 {[%emt 0:05:23]} c5 {[%emt 0:06:13]} 13. Qe3 {[%emt 0:07:42]} f5 {[%emt 0:03:32]} 14. Bg3 {[%emt 0:09:15]} d5 {[%emt 0:03:46]} 15. exd6 {[%emt 0:04:00]} Bxd6 {[%emt 0:02:28]} 16. Bxd6 {[%emt 0:01:16]} Qxd6 {[%emt 0:00:49]} 17. O-O-O {[%emt 0:01:26]} Be6 {[%emt 0:02:11]} 18. Bb1 {[%emt 0:06:48]} Qc6 {[%emt 0:02:38]} 19. Rhe1 {[%emt 0:01:32]} Rae8 {[%emt 0:00:49]} 20. Qh3 {[%emt 0:01:19]} Qa4 {[%emt 0:00:54]} 21. Re5 {[%emt 0:11:07]} Bxa2 {[%emt 0:02:40]} 22. Bxf5 {[%emt 0:01:38]} Bg8 {[%emt 0:00:33]} 23. Rxe8 {[%emt 0:04:00]} Rxe8 {[%emt 0:00:12]} 24. Qg4 {[%emt 0:00:30]} Qa1+ {[%emt 0:01:06]} 25. Kc2 {[%emt 0:00:26]} Qa2 {[%emt 0:00:03]} 26. Qf3 {[%emt 0:01:59]} Rf8 {[%emt 0:01:50]} 27. Qe4 {[%emt 0:02:28]} h6 {[%emt 0:01:20]} 28. g4 {[%emt 0:00:10]} Nc4 {[%emt 0:00:25]} 29. Nxc4 {[%emt 0:00:34]} Bxc4 {[%emt 0:00:02]} 30. Qxb7 {[%emt 0:00:43]} Qa4+ {[%emt 0:01:09]} 31. Kc1 {[%emt 0:00:13]} Bb3 {[%emt 0:00:38]} 32. Qe7 {[%emt 0:00:49]} Rxf5 {[%emt 0:01:16]} 33. Rd8+ {[%emt 0:00:34]} Kh7 {[%emt 0:00:05]} 0-1

[Event "POR-ch 2020"]
[Site "Portimao"]
[Date "2020.09.08"]
[Round "2.1"]
[White "Rocha, Sergio"]
[Black "Veiga, Jose Francisco R P N"]
[Result "1-0"]
[WhiteElo "2341"]
[BlackElo "2344"]
[Annotator "ChessBase"]
[PlyCount "69"]
[EventDate "2020.09.07"]
[EventType "tourn"]
[EventCountry "POR"]
[SourceTitle "playchess.com"]
[Source "ChessBase"]
[SourceQuality "1"]
[TimeControl "5400+30"]

1. Nf3 {[%emt 0:00:00]} Nf6 {[%emt 0:03:48]} 2. d4 {[%emt 0:00:00]} g6 {[%emt 0:00:07]} 3. e3 {[%emt 0:00:00]} Bg7 {[%emt 0:00:06]} 4. Bd3 {[%emt 0:00:01]} O-O {[%emt 0:00:12]} 5. b3 {[%emt 0:00:41]} d6 {[%emt 0:00:43]} 6. Bb2 {[%emt 0:00:08]} Nbd7 {[%emt 0:00:44]} 7. Nbd2 {[%emt 0:01:19]} e5 {[%emt 0:02:03]} 8. c4 {[%emt 0:02:55]} Re8 {[%emt 0:11:04]} 9. Bc2 {[%emt 0:03:33]} c6 {[%emt 0:02:15]} 10. Qb1 {[%emt 0:02:22]} Qe7 {[%emt 0:03:08]} 11. b4 {[%emt 0:07:21]} e4 {[%emt 0:10:19]} 12. Ng1 {[%emt 0:01:49]} d5 {[%emt 0:00:58]} 13. b5 {[%emt 0:01:59]} dxc4 {[%emt 0:07:59]} 14. bxc6 {[%emt 0:04:10]} bxc6 {[%emt 0:00:18]} 15. Ne2 {[%emt 0:00:32]} Nd5 {[%emt 0:13:43]} 16. O-O {[%emt 0:02:14]} Ba6 {[%emt 0:05:45]} 17. Re1 {[%emt 0:20:43]} f5 {[%emt 0:07:18]} 18. Qc1 {[%emt 0:00:57]} Qb4 {[%emt 0:11:38]} 19. a4 {[%emt 0:06:47]} Rab8 {[%emt 0:03:24]} 20. Ba3 {[%emt 0:02:34]} Qa5 {[%emt 0:00:06]} 21. Bd6 {[%emt 0:06:02]} Rb7 {[%emt 0:01:00]} 22. g4 {[%emt 0:01:04]} c5 {[%emt 0:03:07]} 23. gxf5 {[%emt 0:00:33]} gxf5 {[%emt 0:00:26]} 24. Ng3 {[%emt 0:00:17]} cxd4 {[%emt 0:01:19]} 25. exd4 {[%emt 0:02:56]} N5f6 {[%emt 0:01:34]} 26. Ndf1 {[%emt 0:03:26]} Qd5 {[%emt 0:04:59]} 27. Qf4 {[%emt 0:00:39]} Nf8 {[%emt 0:01:15]} 28. Ne3 {[%emt 0:01:40]} Qe6 {[%emt 0:01:01]} 29. Nexf5 {[%emt 0:01:59]} Ng6 {[%emt 0:00:08]} 30. Qg5 {[%emt 0:01:26]} Rb2 31. Bxe4 {[%emt 0:03:48]} c3 {[%emt 0:03:55]} 32. Nxg7 {[%emt 0:05:49]} Kxg7 {[%emt 0:00:51]} 33. Be5 {[%emt 0:00:21]} Kf7 {[%emt 0:00:40]} 34. Bxf6 {[%emt 0:03:08]} Qxf6 {[%emt 0:00:36]} 35. Bd5+ {[%emt 0:00:10]} 1-0

[Event "POR-ch 2020"]
[Site "Portimao"]
[Date "2020.09.08"]
[Round "2.2"]
[White "Sousa, Andre Ventura"]
[Black "Diogo, Vasco"]
[Result "1-0"]
[WhiteElo "2378"]
[BlackElo "2207"]
[Annotator "TA"]
[PlyCount "95"]
[EventDate "2020.09.07"]
[EventType "tourn"]
[EventCountry "POR"]
[SourceTitle "playchess.com"]
[Source "ChessBase"]
[SourceQuality "1"]

{[%evp 12,95,61,63,66,54,47,39,59,67,84,85,138,77,93,84,112,60,65,50,71,71,170,16,20,9,9,7,177,171,166,119,128,131,116,122,141,113,83,0,0,0,343,348,351,324,326,318,330,189,498,456,839,833,775,750,716,279,283,165,272,28,130,137,166,154,469,466,446,110,171,146,162,158,209,212,210,209,452,452,6116,6103,6075,5241,5114,5081]} 1. e4 d5 2. exd5 Nf6 3. d4 Bg4 4. Bb5+ Nbd7 5. f3 Bf5 6. Nc3 a6 7. Ba4 b5 {B01: Scandinavian Defence.} 8. Bb3 Nb6 $1 {[%cal Rb6d5]} 9. Nge2 b4 {White is slightly better.} 10. Ne4 Nxe4 11. fxe4 Bxe4 {[#]} 12. Nf4 $146 (12. c4 $142 $1) ({Predecessor:} 12. c4 bxc3 13. Nxc3 Bxg2 14. Rg1 Bh3 15. Qf3 Qd7 16. d6 Qf5 17. Ba4+ Kd8 18. dxc7+ {1-0 (28) Nikolova,A (2303)-Bukhteeva,V (2165) Vratsa 2014}) 12... a5 {White should prevent ...a4.} 13. Qe2 Bf5 14. c4 (14. a4 $16) 14... bxc3 $14 15. bxc3 {aiming for Ne6!} a4 16. Bd1 $1 Qd7 (16... g6 $16) 17. Qf3 $2 ({White should try} 17. g4 $18 Bg6 18. Qf3) 17... g5 $11 18. Nh5 $36 {[%mdl 2048] 0-0 is the strong threat. Black is under pressure.} Qxd5 19. O-O Bg6 $2 (19... Qxf3 $1 $11 {and Black has nothing to worry.} 20. Bxf3 Ra5) 20. Qg3 $1 $18 {[%cal Rg3c7]} O-O-O 21. Bf3 ({Inferior is} 21. Qxg5 Qxg5 22. Bxg5 Rd5 $17) 21... Qb5 22. Bxg5 Rg8 23. Bf4 Nd5 24. c4 Qxc4 25. Rac1 (25. Kh1 $16 Bxh5 26. Qh3+ {[%mdl 64] Double Attack} (26. Qxg8 Bxf3 27. Qxf7 Be2 $16) 26... e6 27. Bxh5 Qxd4 28. Bg3 Rxg3 29. Qxg3) 25... Qxd4+ $11 26. Kh1 Nxf4 $4 {[%mdl 8192]} (26... Bxh5 $1 $11 27. Bxd5 Rxg3 28. Rxc7+ Kb8 29. Rb7+ Ka8 30. Rb8+ Ka7 31. Rxd8 Rd3 32. Ra8+ Kb6 33. Rb1+ Rb3 $1 {[%mdl 512]} 34. axb3 a3 35. Rb8+ Ka6 36. Ra8+ (36. Rxf8 Qxd5 37. Ra1 Bf3 $17) 36... Kb6 37. Rb8+ Ka7 38. Ra8+ Kb6) 27. Nxf4 $18 {Black must now prevent Ne6!} e5 28. Qh3+ Qd7 29. Bg4 $1 {[%cal Rg4d7]} f5 30. Qf3 (30. Be2 $142 Bb4 31. Ba6+ Kb8 32. Nd3) 30... e4 $2 (30... Qb5) 31. Qe2 {Threatening mate with Qa6+.} Re8 (31... Qd6 $142 32. Rfd1 Qb6) 32. Qa6+ Kd8 33. Be2 Bd6 34. Bb5 $2 (34. Rfd1 Re5 35. Qa8+ Ke7 36. Qxg8) 34... Qc8 {And now ...Qxa6 would win.} 35. Qxa4 (35. Qa5 $142 Bxf4 36. Rxf4) 35... Re5 (35... Ke7 $142 36. Nd5+ (36. Bxe8 Qxe8 37. Qb3 Kf6 $16) 36... Kf7) 36. Bc4 $2 ({White must play} 36. Rfd1 $1 $18 {[%cal Rd1d6]} Qb8 37. Bc4) 36... Rf8 (36... Rg7 $11) 37. Rfd1 $16 {Hoping for Qa7.} Qd7 38. Qb3 Bf7 $2 (38... Ke7 $16 {is more resistant.}) 39. Bxf7 $18 Rxf7 {[#]} 40. Nd5 $2 (40. Rxd6 $1 $18 {[%mdl 512] has better winning chances.} cxd6 41. Qb8+ Ke7 42. Rc7) 40... Rxd5 (40... Qe6 $16 {might work better.}) 41. Qxd5 Ke7 42. Qd4 Qe6 {[#]} (42... h5 $16 43. a4 h4) 43. a4 $1 {[%cal Ba2a4,Ba4a5][%mdl 32]} Qh6 {[%csl Gd6][%cal Rh6h2] [#]} 44. g3 $1 {[%mdl 512]} Rg7 $2 (44... Qf6 45. Qd5 Qe5 46. Qxe5+ Bxe5) (44... Bxg3 45. Qd8+) 45. a5 {White is clearly winning.} Rxg3 {[#]} (45... Qf6 $142 46. Qa7 Qe6) 46. Rxc7+ $1 {[%mdl 576] Decoy} Bxc7 47. Qd7+ {[%mdl 64] Double Attack} Kf6 {[#]} 48. Rd6+ $1 {[%mdl 576] Skewer. Accuracy: White = 54%, Black = 43%.} 1-0

[Event "POR-ch 2020"]
[Site "Portimao"]
[Date "2020.09.08"]
[Round "2.3"]
[White "Dias, Paulo"]
[Black "Martins, Bruno Andre Leite"]
[Result "1/2-1/2"]
[WhiteElo "2341"]
[BlackElo "2248"]
[Annotator "ChessBase"]
[PlyCount "65"]
[EventDate "2020.09.07"]
[EventType "tourn"]
[EventCountry "POR"]
[SourceTitle "playchess.com"]
[Source "ChessBase"]
[SourceQuality "1"]
[TimeControl "5400+30"]

1. d4 {[%emt 0:02:56]} f5 {[%emt 0:00:32]} 2. g3 {[%emt 0:02:50]} Nf6 {[%emt 0:00:13]} 3. Bg2 {[%emt 0:00:08]} d6 {[%emt 0:00:21]} 4. c3 {[%emt 0:04:28]} g6 {[%emt 0:01:24]} 5. Nd2 {[%emt 0:02:15]} Bg7 {[%emt 0:06:15]} 6. e4 {[%emt 0:01:16]} fxe4 {[%emt 0:03:06]} 7. Nxe4 {[%emt 0:00:45]} Nxe4 {[%emt 0:00:37]} 8. Bxe4 {[%emt 0:00:07]} c6 {[%emt 0:02:06]} 9. h4 {[%emt 0:03:29]} O-O {[%emt 0:08:14]} 10. h5 {[%emt 0:05:06]} d5 {[%emt 0:04:11]} 11. Bd3 {[%emt 0:11:35]} Bf5 {[%emt 0:13:01]} 12. hxg6 {[%emt 0:05:10]} hxg6 {[%emt 0:00:35]} 13. Bxf5 {[%emt 0:05:06]} Rxf5 {[%emt 0:03:04]} 14. Qg4 {[%emt 0:02:49]} Qd6 {[%emt 0:06:40]} 15. Bf4 {[%emt 0:05:51]} Qe6+ {[%emt 0:06:24]} 16. Kf1 {[%emt 0:00:27]} Nd7 {[%emt 0:05:08]} 17. Nf3 {[%emt 0:01:42]} Nf8 {[%emt 0:07:51]} 18. Re1 {[%emt 0:02:14]} Qf7 {[%emt 0:04:14]} 19. Kg2 {[%emt 0:07:50]} Ne6 {[%emt 0:02:11]} 20. Bh6 {[%emt 0:10:01]} Rf8 {[%emt 0:04:04]} 21. Re3 {[%emt 0:01:36]} c5 {[%emt 0:08:03]} 22. Bxg7 {[%emt 0:01:11]} Nxg7 {[%emt 0:02:32]} 23. Rh6 {[%emt 0:05:27]} cxd4 {[%emt 0:00:53]} 24. cxd4 {[%emt 0:01:14]} Rf6 {[%emt 0:01:27]} 25. Qh4 {[%emt 0:06:12]} Nh5 {[%emt 0:01:23]} 26. Qg5 {[%emt 0:01:20]} Ng7 {[%emt 0:01:23]} 27. Qh4 {[%emt 0:03:14]} Nh5 {[%emt 0:00:12]} 28. Qg4 {[%emt 0:05:33]} Ng7 {[%emt 0:02:44]} 29. Qh4 {[%emt 0:01:36]} Nh5 {[%emt 0:00:12]} 30. Qg5 {[%emt 0:00:56]} Ng7 {[%emt 0:00:16]} 31. Ne5 Rxf2+ 32. Kh3 Qf5+ 33. Qxf5 1/2-1/2